[Event "Turniej Blitza na II Lidze Juniorów 2018"]
[Site "Szczyrk, Poland"]
[Date "????.??.??"]
[Round "4.10"]
[White "Klepek, Witold"]
[Black "Ulrych, Wojciech"]
[Result "1-0"]
[TimeControl "3'+2\""]
[WhiteElo "2035"]
[BlackElo "1901"]

1. e4 {[%emt 00:01:05]} d6 2. d4 {[%emt 00:00:02]} Nf6 {[%emt 00:00:01]} 3. Nc3
g6 4. f4 {[%emt 00:00:03]} Bg7 {[%emt 00:00:08]} 5. Nf3 c5 {[%emt 00:00:01]} 6.
dxc5 {[%emt 00:00:02]} Qa5 {[%emt 00:00:03]} 7. Bd3 {[%emt 00:00:01]} Qxc5
{[%emt 00:00:02]} 8. Qe2 Nc6 {[%emt 00:00:02]} 9. Be3 {[%emt 00:00:02]} Qa5 10.
O-O {[%emt 00:00:02]} O-O {[%emt 00:00:01]} 11. a3 {[%emt 00:00:05]} Ng4 {[%emt
00:00:03]} 12. Bd2 {[%emt 00:00:05]} Qb6+ {[%emt 00:00:03]} 13. Kh1 {[%emt
00:00:02]} e5 {[%emt 00:00:07]} 14. Nd5 {[%emt 00:00:06]} Qd8 {[%emt 00:00:03]}
15. h3 {[%emt 00:00:14]} Nf6 {[%emt 00:00:13]} 16. fxe5 {[%emt 00:00:01]} Nxd5
{[%emt 00:00:03]} 17. exd5 {[%emt 00:00:02]} Nxe5 {[%emt 00:00:02]} 18. Nxe5
{[%emt 00:00:13]} Bxe5 {[%emt 00:00:03]} 19. Rab1 {[%emt 00:00:12]} Qh4 {[%emt
00:00:05]} 20. Qf3 {[%emt 00:00:03]} f5 {[%emt 00:00:06]} 21. Be1 {[%emt
00:00:07]} Qh6 {[%emt 00:00:03]} 22. c4 {[%emt 00:00:20]} Bd7 23. b4 {[%emt
00:00:02]} Rae8 {[%emt 00:00:03]} 24. Bf2 {[%emt 00:00:04]} g5 {[%emt
00:00:06]} 25. Rg1 {[%emt 00:01:00]} g4 {[%emt 00:00:10]} 26. Qe3 {[%emt
00:00:05]} Bf4 {[%emt 00:00:02]} 27. Qxa7 {[%emt 00:00:09]} Re7 {[%emt
00:00:35]} 28. Qd4 {[%emt 00:00:03]} Rg7 {[%emt 00:00:03]} 29. Bf1 {[%emt
00:00:04]} Rf6 {[%emt 00:00:14]} 30. Re1 {[%emt 00:00:09]} Rfg6 {[%emt
00:00:02]} 31. g3 {[%emt 00:00:05]} Be5 {[%emt 00:00:09]} 32. Rxe5 {[%emt
00:00:02]} dxe5 {[%emt 00:00:03]} 33. Qxe5 gxh3 {[%emt 00:00:11]} 34. Kh2
{[%emt 00:00:01]} Qd2 {[%emt 00:00:07]} 35. Qe3 {[%emt 00:00:07]} Qb2 {[%emt
00:00:12]} 36. c5 {[%emt 00:00:06]} f4 {[%emt 00:00:06]} 37. Qe2 {[%emt
00:00:06]} fxg3+ {[%emt 00:00:08]} 38. Rxg3 {[%emt 00:00:02]} Qc1 {[%emt
00:00:28]} 39. Bxh3 {[%emt 00:00:08]} Qh6 {[%emt 00:00:09]} 40. Qf1 Rxg3 {[%emt
00:00:02]} 41. Bxg3 {[%emt 00:00:01]} Qd2+ {[%emt 00:00:01]} 42. Qg2 {[%emt
00:00:04]} Qd3 {[%emt 00:00:07]} 43. Bxd7 {[%emt 00:00:05]} Rxd7 {[%emt
00:00:04]} 44. Be5+ Kf8 {[%emt 00:00:02]} 45. c6 {[%emt 00:00:09]} Rf7 46. Bd6+
{[%emt 00:00:02]} Ke8 {[%emt 00:00:03]} 47. Qg8+ {[%emt 00:00:01]} 1-0

[Event "Turniej Blitza na II Lidze Juniorów 2018"]
[Site "Szczyrk, Poland"]
[Date "????.??.??"]
[Round "4.25"]
[White "Krzysztynska, Anna"]
[Black "Jaworski, Tymon"]
[Result "0-1"]
[TimeControl "3'+2\""]
[WhiteElo "1610"]
[BlackElo "1383"]

1. d4 {[%clk 00:03:03]} {[%emt 00:01:28]} Nf6 {[%clk 00:03:03]} {[%emt
00:00:02]} 2. Bf4 {[%clk 00:03:04]} {[%emt 00:00:01]} d6 {[%clk 00:03:04]} 3.
Nf3 {[%clk 00:03:05]} {[%emt 00:00:02]} g6 {[%clk 00:03:05]} {[%emt 00:00:01]}
4. e3 {[%clk 00:03:06]} Bg7 {[%clk 00:03:05]} {[%emt 00:00:01]} 5. h3 {[%clk
00:03:07]} Nbd7 {[%clk 00:03:06]} {[%emt 00:00:01]} 6. Be2 {[%clk 00:03:07]}
{[%emt 00:00:02]} O-O {[%clk 00:03:07]} {[%emt 00:00:02]} 7. O-O {[%clk
00:03:06]} {[%emt 00:00:02]} Re8 {[%clk 00:03:08]} 8. c3 {[%clk 00:03:00]}
{[%emt 00:00:09]} e5 {[%clk 00:03:08]} {[%emt 00:00:01]} 9. Bh2 {[%clk
00:03:01]} {[%emt 00:00:01]} Ne4 {[%clk 00:02:54]} {[%emt 00:00:15]} 10. Nbd2
{[%clk 00:03:01]} {[%emt 00:00:03]} Nxd2 {[%clk 00:02:53]} {[%emt 00:00:03]} 11.
Qxd2 {[%clk 00:03:02]} {[%emt 00:00:01]} Nf8 {[%clk 00:02:45]} {[%emt
00:00:10]} 12. dxe5 {[%clk 00:02:52]} {[%emt 00:00:12]} dxe5 {[%clk 00:02:43]}
{[%emt 00:00:04]} 13. Qxd8 {[%clk 00:02:43]} {[%emt 00:00:12]} Rxd8 {[%clk
00:02:44]} 14. Bxe5 {[%clk 00:02:26]} {[%emt 00:00:18]} Bxe5 {[%clk 00:02:39]}
{[%emt 00:00:07]} 15. Nxe5 {[%clk 00:02:27]} {[%emt 00:00:02]} Rd2 {[%clk
00:02:38]} {[%emt 00:00:01]} 16. Bc4 {[%clk 00:02:26]} {[%emt 00:00:04]} Be6
{[%clk 00:02:38]} {[%emt 00:00:01]} 17. b3 {[%clk 00:02:16]} {[%emt 00:00:13]}
Rad8 {[%clk 00:02:31]} {[%emt 00:00:08]} 18. Nf3 {[%clk 00:02:03]} {[%emt
00:00:17]} Rc2 {[%clk 00:02:25]} {[%emt 00:00:03]} 19. Bxe6 {[%clk 00:02:03]}
{[%emt 00:00:06]} Nxe6 {[%clk 00:02:18]} {[%emt 00:00:09]} 20. c4 {[%clk
00:01:59]} {[%emt 00:00:06]} Rc3 {[%clk 00:01:58]} {[%emt 00:00:18]} 21. Rad1
{[%clk 00:01:57]} {[%emt 00:00:07]} Rcd3 {[%clk 00:01:59]} {[%emt 00:00:02]} 22.
Rxd3 {[%clk 00:01:35]} {[%emt 00:00:24]} Rxd3 {[%clk 00:01:59]} {[%emt
00:00:02]} 23. Rc1 {[%clk 00:01:30]} {[%emt 00:00:07]} Nc5 {[%clk 00:01:47]}
{[%emt 00:00:13]} 24. Kf1 {[%clk 00:01:22]} {[%emt 00:00:11]} Ne4 {[%clk
00:01:40]} {[%emt 00:00:07]} 25. Ke2 {[%clk 00:01:13]} {[%emt 00:00:13]} Rd6
{[%clk 00:01:39]} {[%emt 00:00:01]} 26. c5 {[%clk 00:00:57]} {[%emt 00:00:20]}
Rc6 {[%clk 00:01:23]} {[%emt 00:00:17]} 27. b4 {[%clk 00:00:46]} {[%emt
00:00:14]} Ra6 {[%clk 00:01:22]} {[%emt 00:00:03]} 28. Rc2 {[%clk 00:00:42]}
{[%emt 00:00:06]} Ra4 {[%clk 00:01:15]} {[%emt 00:00:08]} 29. Nd4 {[%clk
00:00:10]} {[%emt 00:00:35]} Rxb4 {[%clk 00:01:06]} {[%emt 00:00:11]} 30. f3
{[%clk 00:00:10]} {[%emt 00:00:02]} Nf6 {[%clk 00:00:54]} {[%emt 00:00:14]} 31.
a3 {[%clk 00:00:09]} {[%emt 00:00:03]} Ra4 {[%clk 00:00:53]} {[%emt 00:00:02]}
32. Rc3 {[%clk 00:00:09]} {[%emt 00:00:04]} Nd5 {[%clk 00:00:52]} {[%emt
00:00:02]} 33. Rb3 {[%clk 00:00:10]} {[%emt 00:00:01]} b6 {[%clk 00:00:49]}
{[%emt 00:00:05]} 34. cxb6 {[%clk 00:00:06]} {[%emt 00:00:06]} axb6 {[%clk
00:00:47]} {[%emt 00:00:03]} 35. Nc6 {[%clk 00:00:05]} {[%emt 00:00:03]} Rc4
{[%clk 00:00:45]} {[%emt 00:00:04]} 36. Ne5 {[%clk 00:00:05]} {[%emt 00:00:03]}
Rc2+ {[%clk 00:00:43]} {[%emt 00:00:03]} 37. Kf1 {[%clk 00:00:04]} {[%emt
00:00:04]} c5 {[%clk 00:00:27]} {[%emt 00:00:18]} 38. Rd3 {[%clk 00:00:05]}
{[%emt 00:00:01]} Nf6 {[%clk 00:00:22]} {[%emt 00:00:06]} 39. Ng4 {[%clk
00:00:05]} {[%emt 00:00:03]} Nxg4 {[%clk 00:00:23]} {[%emt 00:00:01]} 40. hxg4
{[%clk 00:00:06]} {[%emt 00:00:01]} c4 {[%clk 00:00:22]} {[%emt 00:00:03]} 41.
Rd4 {[%clk 00:00:07]} {[%emt 00:00:01]} b5 {[%clk 00:00:22]} {[%emt 00:00:03]}
42. Ke1 {[%clk 00:00:07]} {[%emt 00:00:01]} Rc3 {[%clk 00:00:21]} {[%emt
00:00:02]} 43. Rd8+ {[%clk 00:00:08]} {[%emt 00:00:02]} Kg7 {[%clk 00:00:20]}
{[%emt 00:00:03]} 44. Kd2 {[%clk 00:00:09]} Rxa3 {[%clk 00:00:20]} {[%emt
00:00:02]} 45. Rb8 {[%clk 00:00:10]} {[%emt 00:00:02]} Rb3 {[%clk 00:00:21]}
{[%emt 00:00:01]} 46. Kc2 {[%clk 00:00:11]} {[%emt 00:00:01]} Kf6 {[%clk
00:00:19]} {[%emt 00:00:03]} 47. f4 {[%clk 00:00:12]} {[%emt 00:00:02]} h5
{[%clk 00:00:19]} {[%emt 00:00:02]} 48. Rb6+ {[%clk 00:00:13]} {[%emt
00:00:02]} Kg7 {[%clk 00:00:18]} {[%emt 00:00:01]} 49. g5 {[%clk 00:00:11]}
{[%emt 00:00:05]} Rxe3 {[%clk 00:00:14]} {[%emt 00:00:06]} 50. Rxb5 {[%clk
00:00:12]} {[%emt 00:00:02]} Re4 {[%clk 00:00:13]} {[%emt 00:00:01]} 51. f5
{[%clk 00:00:12]} {[%emt 00:00:03]} gxf5 {[%clk 00:00:10]} {[%emt 00:00:05]} 52.
Rxf5 {[%clk 00:00:13]} {[%emt 00:00:01]} Rg4 {[%clk 00:00:10]} {[%emt
00:00:02]} 53. Rf2 {[%clk 00:00:11]} {[%emt 00:00:04]} Rxg5 {[%clk 00:00:09]}
{[%emt 00:00:03]} 54. Kc3 {[%clk 00:00:12]} {[%emt 00:00:01]} Rg4 {[%clk
00:00:09]} 55. Re2 {[%clk 00:00:12]} {[%emt 00:00:03]} f6 {[%clk 00:00:10]} 56.
Rd2 {[%clk 00:00:11]} {[%emt 00:00:04]} Kg6 {[%clk 00:00:10]} 57. Kb4 {[%clk
00:00:09]} {[%emt 00:00:05]} Kg5 {[%clk 00:00:11]} {[%emt 00:00:01]} 58. Rf2
{[%clk 00:00:07]} {[%emt 00:00:05]} f5 {[%clk 00:00:11]} {[%emt 00:00:01]} 59.
Kc3 {[%clk 00:00:07]} {[%emt 00:00:02]} f4 {[%clk 00:00:11]} {[%emt 00:00:02]}
60. Kb4 {[%clk 00:00:04]} {[%emt 00:00:05]} Kh4 {[%clk 00:00:10]} {[%emt
00:00:03]} 61. Kxc4 {[%clk 00:00:03]} {[%emt 00:00:03]} f3+ {[%clk 00:00:11]}
62. Kd3 {[%clk 00:00:04]} {[%emt 00:00:02]} fxg2 {[%clk 00:00:12]} {[%emt
00:00:02]} 63. Rxg2 {[%clk 00:00:03]} {[%emt 00:00:03]} Rxg2 {[%clk 00:00:13]}
0-1

[Event "Turniej Blitza na II Lidze Juniorów 2018"]
[Site "Szczyrk, Poland"]
[Date "????.??.??"]
[Round "4.30"]
[White "Nowacka, Dorota"]
[Black "Kaliszuk, Kamil"]
[Result "0-1"]
[TimeControl "3'+2\""]
[WhiteElo "1322"]
[BlackElo "1590"]

1. d4 {[%clk 00:03:04]} {[%emt 00:01:46]} Nf6 {[%clk 00:03:03]} 2. Bf4 {[%clk
00:03:03]} {[%emt 00:00:02]} g6 {[%clk 00:03:05]} {[%emt 00:00:01]} 3. Nc3
{[%clk 00:03:03]} {[%emt 00:00:03]} Bg7 {[%clk 00:03:06]} 4. e4 {[%clk
00:03:04]} d6 {[%clk 00:03:07]} 5. Bd3 {[%clk 00:03:02]} {[%emt 00:00:05]} Nbd7
{[%clk 00:03:08]} {[%emt 00:00:01]} 6. Nf3 {[%clk 00:03:01]} {[%emt 00:00:03]}
O-O {[%clk 00:03:07]} {[%emt 00:00:03]} 7. h4 {[%clk 00:03:02]} e5 {[%clk
00:03:01]} {[%emt 00:00:08]} 8. dxe5 {[%clk 00:03:03]} {[%emt 00:00:01]} dxe5
{[%clk 00:03:02]} {[%emt 00:00:02]} 9. Nxe5 {[%clk 00:02:59]} {[%emt 00:00:05]}
Nxe5 {[%clk 00:03:02]} {[%emt 00:00:02]} 10. Bxe5 {[%clk 00:03:00]} {[%emt
00:00:02]} Re8 {[%clk 00:03:03]} {[%emt 00:00:01]} 11. Bf4 {[%clk 00:02:47]}
{[%emt 00:00:14]} Nh5 {[%clk 00:02:57]} {[%emt 00:00:09]} 12. Bg5 {[%clk
00:02:43]} {[%emt 00:00:05]} f6 {[%clk 00:02:56]} {[%emt 00:00:03]} 13. Be3
{[%clk 00:02:42]} {[%emt 00:00:03]} Be6 {[%clk 00:02:55]} {[%emt 00:00:03]} 14.
Qd2 {[%clk 00:02:41]} {[%emt 00:00:03]} Qe7 {[%clk 00:02:28]} {[%emt 00:00:29]}
15. O-O-O {[%clk 00:02:33]} {[%emt 00:00:11]} Rad8 {[%clk 00:02:29]} 16. Rhg1
{[%clk 00:02:27]} {[%emt 00:00:07]} f5 {[%clk 00:02:13]} {[%emt 00:00:20]} 17.
Bg5 {[%clk 00:02:21]} {[%emt 00:00:07]} Qb4 {[%clk 00:02:09]} {[%emt 00:00:05]}
18. Bxd8 {[%clk 00:02:16]} {[%emt 00:00:08]} Rxd8 {[%clk 00:02:10]} {[%emt
00:00:01]} 19. a3 {[%clk 00:02:08]} {[%emt 00:00:09]} Qb6 {[%clk 00:01:59]}
{[%emt 00:00:14]} 20. Nd5 {[%clk 00:01:55]} {[%emt 00:00:15]} Qxb2# {[%clk
00:01:59]} {[%emt 00:00:03]} 0-1

[ePGN "0.1;DGT LiveChess/2.2"]

[Event "Turniej Blitza na II Lidze Juniorów 2018"]
[Site "Szczyrk, Poland"]
[Date "2018.07.26"]
[Round "5.7"]
[White "Marczuk, Dominik"]
[Black "Trybowska, Barbara"]
[Result "1-0"]
[TimeControl "3'+2\""]
[WhiteElo "2112"]
[BlackElo "1705"]

1. e4 {[%clk 00:03:02]} e6 {[%clk 00:03:04]} 2. d4 {[%clk 00:03:02]} {[%emt
00:00:02]} b6 {[%clk 00:03:05]} {[%emt 00:00:01]} 3. Bd3 {[%clk 00:03:02]}
{[%emt 00:00:02]} Bb7 {[%clk 00:03:06]} 4. Nf3 {[%clk 00:03:01]} {[%emt
00:00:04]} c5 {[%clk 00:03:06]} {[%emt 00:00:02]} 5. c3 {[%clk 00:03:00]}
{[%emt 00:00:03]} cxd4 {[%clk 00:03:07]} {[%emt 00:00:02]} 6. cxd4 {[%clk
00:03:01]} {[%emt 00:00:01]} Nc6 {[%clk 00:03:08]} {[%emt 00:00:01]} 7. O-O
{[%clk 00:03:00]} {[%emt 00:00:03]} Nf6 {[%clk 00:03:02]} {[%emt 00:00:08]} 8.
Nc3 {[%clk 00:02:58]} {[%emt 00:00:04]} Bb4 {[%clk 00:03:02]} {[%emt 00:00:02]}
9. e5 {[%clk 00:02:36]} {[%emt 00:00:24]} Ng8 {[%clk 00:02:38]} {[%emt
00:00:26]} 10. Ne4 {[%clk 00:02:30]} {[%emt 00:00:08]} d5 {[%clk 00:02:28]}
{[%emt 00:00:12]} 11. exd6 {[%clk 00:01:51]} {[%emt 00:00:41]} Bxd6 {[%clk
00:02:28]} {[%emt 00:00:02]} 12. Nxd6+ {[%clk 00:01:16]} {[%emt 00:00:37]} Qxd6
{[%clk 00:02:29]} {[%emt 00:00:01]} 13. Re1 {[%clk 00:01:17]} Nf6 {[%clk
00:02:27]} {[%emt 00:00:04]} 14. Bg5 {[%clk 00:00:47]} {[%emt 00:00:32]} h6
{[%clk 00:02:27]} {[%emt 00:00:03]} 15. Bh4 {[%clk 00:00:48]} {[%emt 00:00:01]}
Nd5 {[%clk 00:02:08]} {[%emt 00:00:21]} 16. Ne5 {[%clk 00:00:38]} {[%emt
00:00:12]} Nxe5 {[%clk 00:02:04]} {[%emt 00:00:06]} 17. dxe5 {[%clk 00:00:37]}
{[%emt 00:00:03]} Qd7 {[%clk 00:02:02]} {[%emt 00:00:04]} 18. Qg4 {[%clk
00:00:32]} {[%emt 00:00:07]} g5 {[%clk 00:01:42]} {[%emt 00:00:22]} 19. Bg3
{[%clk 00:00:33]} {[%emt 00:00:01]} O-O-O {[%clk 00:01:32]} {[%emt 00:00:12]}
20. Rac1+ {[%clk 00:00:34]} {[%emt 00:00:02]} Kb8 {[%clk 00:01:33]} 21. Red1
{[%clk 00:00:34]} {[%emt 00:00:01]} Qe7 {[%clk 00:01:27]} {[%emt 00:00:10]} 22.
Qa4 {[%clk 00:00:28]} {[%emt 00:00:06]} h5 {[%clk 00:01:19]} {[%emt 00:00:11]}
23. f3 {[%clk 00:00:28]} {[%emt 00:00:01]} Nb4 {[%clk 00:01:01]} {[%emt
00:00:21]} 24. Bf1 {[%clk 00:00:25]} {[%emt 00:00:05]} Rxd1 {[%clk 00:00:58]}
{[%emt 00:00:04]} 25. Rxd1 {[%clk 00:00:27]} {[%emt 00:00:01]} Bc6 {[%clk
00:00:49]} {[%emt 00:00:11]} 26. Qb3 {[%clk 00:00:24]} {[%emt 00:00:05]} Nd5
{[%clk 00:00:40]} {[%emt 00:00:10]} 27. Bf2 {[%clk 00:00:24]} {[%emt 00:00:02]}
g4 {[%clk 00:00:38]} {[%emt 00:00:04]} 28. fxg4 {[%clk 00:00:18]} {[%emt
00:00:09]} hxg4 {[%clk 00:00:39]} {[%emt 00:00:01]} 29. a4 {[%clk 00:00:17]}
{[%emt 00:00:03]} Qb7 {[%clk 00:00:23]} {[%emt 00:00:18]} 30. Qg3 {[%clk
00:00:12]} {[%emt 00:00:07]} Rg8 {[%clk 00:00:21]} {[%emt 00:00:04]} 31. b3
{[%clk 00:00:13]} {[%emt 00:00:01]} Qc7 {[%clk 00:00:14]} {[%emt 00:00:09]} 32.
Bc4 {[%clk 00:00:11]} {[%emt 00:00:04]} Qb7 {[%clk 00:00:12]} {[%emt 00:00:05]}
33. Bf1 {[%clk 00:00:12]} Qc7 {[%clk 00:00:13]} {[%emt 00:00:01]} 34. Rc1
{[%clk 00:00:13]} {[%emt 00:00:01]} Qb7 {[%clk 00:00:14]} {[%emt 00:00:02]} 35.
Bc4 {[%clk 00:00:07]} {[%emt 00:00:07]} Qd7 {[%clk 00:00:13]} {[%emt 00:00:02]}
36. Ba6 {[%clk 00:00:05]} {[%emt 00:00:04]} Bb7 {[%clk 00:00:13]} {[%emt
00:00:03]} 37. Bxb7 {[%clk 00:00:06]} {[%emt 00:00:02]} Qxb7 {[%clk 00:00:14]}
38. Qd3 {[%clk 00:00:05]} {[%emt 00:00:02]} Rd8 {[%clk 00:00:14]} {[%emt
00:00:02]} 39. Qc4 {[%clk 00:00:05]} {[%emt 00:00:02]} Qc7 {[%clk 00:00:13]}
{[%emt 00:00:03]} 40. Qxc7+ {[%clk 00:00:05]} {[%emt 00:00:02]} Nxc7 {[%clk
00:00:14]} 41. g3 {[%clk 00:00:03]} {[%emt 00:00:04]} Rd5 {[%clk 00:00:14]}
{[%emt 00:00:01]} 42. Rc4 {[%clk 00:00:04]} {[%emt 00:00:01]} Rxe5 {[%clk
00:00:14]} {[%emt 00:00:02]} 43. Rxg4 {[%clk 00:00:05]} {[%emt 00:00:02]} Kb7
{[%clk 00:00:13]} {[%emt 00:00:02]} 44. Rg7 {[%clk 00:00:06]} {[%emt 00:00:01]}
f5 {[%clk 00:00:12]} {[%emt 00:00:03]} 45. h4 {[%clk 00:00:07]} Kc6 {[%clk
00:00:11]} {[%emt 00:00:05]} 46. h5 {[%clk 00:00:08]} f4 {[%clk 00:00:08]}
{[%emt 00:00:05]} 47. h6 {[%clk 00:00:07]} {[%emt 00:00:04]} Rh5 {[%clk
00:00:06]} {[%emt 00:00:03]} 48. h7 {[%clk 00:00:08]} {[%emt 00:00:01]} fxg3
{[%clk 00:00:06]} {[%emt 00:00:02]} 49. Bxg3 {[%clk 00:00:09]} {[%emt
00:00:02]} e5 {[%clk 00:00:06]} {[%emt 00:00:02]} 50. Bxe5 {[%clk 00:00:08]}
{[%emt 00:00:03]} Ne6 {[%clk 00:00:06]} {[%emt 00:00:01]} 51. Rxa7 {[%clk
00:00:07]} {[%emt 00:00:04]} Rg5+ {[%clk 00:00:05]} {[%emt 00:00:01]} 52. Kf2
{[%clk 00:00:08]} {[%emt 00:00:02]} Rf5+ {[%clk 00:00:06]} {[%emt 00:00:01]} 53.
Kg2 {[%clk 00:00:09]} {[%emt 00:00:01]} Rg5+ {[%clk 00:00:07]} 54. Kf3 {[%clk
00:00:10]} {[%emt 00:00:02]} Rh5 {[%clk 00:00:07]} {[%emt 00:00:02]} 55. Kg4
{[%clk 00:00:10]} {[%emt 00:00:02]} Rh6 {[%clk 00:00:07]} {[%emt 00:00:03]} 56.
Bf4 {[%clk 00:00:09]} {[%emt 00:00:03]} Nxf4 {[%clk 00:00:06]} {[%emt
00:00:02]} 57. Kxf4 {[%clk 00:00:10]} {[%emt 00:00:02]} Kc5 {[%clk 00:00:08]}
58. Kg5 {[%clk 00:00:10]} {[%emt 00:00:02]} Rh3 {[%clk 00:00:08]} 59. Kg6
{[%clk 00:00:11]} {[%emt 00:00:01]} 1-0

[Event "Turniej Blitza na II Lidze Juniorów 2018"]
[Site "Szczyrk, Poland"]
[Date "2018.07.26"]
[Round "5.30"]
[White "Majewski, Krzysztof"]
[Black "Gredka, Dominika"]
[Result "0-1"]
[TimeControl "3'+2\""]
[WhiteElo "1323"]
[BlackElo "1782"]

1. e4 {[%clk 00:03:03]} {[%emt 00:00:02]} c5 {[%clk 00:03:03]} {[%emt
00:00:02]} 2. Nf3 {[%clk 00:03:03]} {[%emt 00:00:01]} d6 {[%clk 00:03:05]}
{[%emt 00:00:01]} 3. d4 {[%clk 00:03:03]} cxd4 4. Nxd4 {[%emt 00:00:02]} Nf6
{[%clk 00:03:06]} 5. Nc3 {[%clk 00:03:03]} {[%emt 00:00:01]} a6 {[%clk
00:03:07]} 6. Be2 {[%clk 00:03:04]} e5 {[%clk 00:03:08]} 7. Nb3 {[%clk
00:03:05]} Be7 {[%clk 00:03:09]} {[%emt 00:00:01]} 8. f4 {[%clk 00:03:06]} O-O
{[%clk 00:03:08]} {[%emt 00:00:02]} 9. O-O {[%clk 00:03:07]} {[%emt 00:00:02]}
Nc6 {[%clk 00:03:07]} {[%emt 00:00:03]} 10. Be3 {[%clk 00:03:07]} {[%emt
00:00:03]} b5 {[%clk 00:03:05]} {[%emt 00:00:04]} 11. f5 {[%clk 00:02:55]}
{[%emt 00:00:14]} b4 {[%clk 00:02:56]} {[%emt 00:00:10]} 12. Nd5 {[%clk
00:02:56]} {[%emt 00:00:01]} Bb7 {[%clk 00:02:19]} {[%emt 00:00:39]} 13. Nxf6+
{[%clk 00:02:56]} {[%emt 00:00:03]} Bxf6 {[%clk 00:02:19]} {[%emt 00:00:01]} 14.
Bf3 {[%clk 00:02:54]} {[%emt 00:00:04]} a5 {[%clk 00:02:20]} {[%emt 00:00:02]}
15. g4 {[%clk 00:02:49]} {[%emt 00:00:07]} a4 {[%clk 00:02:13]} {[%emt
00:00:08]} 16. Nd2 {[%clk 00:02:48]} {[%emt 00:00:03]} Bg5 {[%clk 00:02:14]}
{[%emt 00:00:02]} 17. Nc4 {[%clk 00:02:32]} {[%emt 00:00:16]} Ba6 {[%clk
00:02:03]} {[%emt 00:00:15]} 18. Bxg5 {[%clk 00:02:32]} {[%emt 00:00:02]} Qxg5
{[%clk 00:02:03]} {[%emt 00:00:01]} 19. b3 {[%clk 00:02:33]} axb3 {[%clk
00:01:58]} {[%emt 00:00:07]} 20. axb3 {[%clk 00:02:28]} {[%emt 00:00:07]} Nd4
{[%clk 00:01:59]} {[%emt 00:00:02]} 21. Rf2 {[%clk 00:02:08]} {[%emt 00:00:21]}
Bxc4 {[%emt 00:00:30]} 22. bxc4 {[%clk 00:02:06]} {[%emt 00:00:03]} Rxa1 {[%clk
00:00:48]} {[%emt 00:00:47]} 23. Qxa1 {[%clk 00:02:05]} {[%emt 00:00:03]} Qe3
{[%clk 00:00:48]} {[%emt 00:00:01]} 24. Qd1 {[%clk 00:01:45]} {[%emt 00:00:21]}
Rc8 {[%clk 00:00:44]} {[%emt 00:00:07]} 25. Kg2 {[%clk 00:01:41]} {[%emt
00:00:06]} Rxc4 {[%clk 00:00:42]} {[%emt 00:00:04]} 26. Qa1 {[%clk 00:01:22]}
{[%emt 00:00:21]} h6 {[%clk 00:00:27]} {[%emt 00:00:18]} 27. Qa8+ {[%clk
00:01:15]} {[%emt 00:00:09]} Kh7 {[%clk 00:00:27]} {[%emt 00:00:01]} 28. Qd5
{[%clk 00:01:16]} {[%emt 00:00:01]} Rxc2 {[%clk 00:00:27]} {[%emt 00:00:03]} 29.
Rxc2 {[%clk 00:01:04]} {[%emt 00:00:14]} Qxf3+ {[%clk 00:00:28]} {[%emt
00:00:01]} 30. Kg1 {[%clk 00:00:58]} {[%emt 00:00:06]} Nxc2 {[%clk 00:00:27]}
{[%emt 00:00:04]} 31. Qxf7 {[%clk 00:00:50]} {[%emt 00:00:10]} Qxg4+ {[%clk
00:00:28]} {[%emt 00:00:02]} 32. Kf2 {[%clk 00:00:51]} Nd4 {[%clk 00:00:28]}
{[%emt 00:00:03]} 33. h4 {[%clk 00:00:40]} {[%emt 00:00:13]} Qxh4+ {[%clk
00:00:24]} {[%emt 00:00:06]} 34. Ke3 {[%clk 00:00:39]} Qg3+ {[%clk 00:00:24]}
{[%emt 00:00:04]} 35. Kd2 {[%clk 00:00:39]} Qc3+ {[%clk 00:00:22]} {[%emt
00:00:04]} 0-1